Real estate appraisal practice: silver anniversary papers (Record no. 357429)

000 -LEADER
fixed length control field 00502cam a22001457a 4500
008 - FIXED-LENGTH DATA ELEMENTS--GENERAL INFORMATION
fixed length control field 180718b1958 xxu||||| |||| 00| 0 eng d
082 ## - DEWEY DECIMAL CLASSIFICATION NUMBER
Classification number L2312 Am35r
245 ## - TITLE STATEMENT
Title Real estate appraisal practice: silver anniversary papers
Statement of responsibility, etc. by American Institute of Real Estate Appraisers
260 ## - PUBLICATION, DISTRIBUTION, ETC.
Place of publication, distribution, etc. Chicago
Name of publisher, distributor, etc. American Institute of Real Estate Appraisers
Date of publication, distribution, etc. 1958
300 ## - PHYSICAL DESCRIPTION
Extent x,694p.
500 ## - GENERAL NOTE
General note $10.00
650 ## - SUBJECT ADDED ENTRY--TOPICAL TERM
Topical term or geographic name entry element Real Property - Valuation
700 ## - ADDED ENTRY--PERSONAL NAME
Personal name Appraisers
700 ## - ADDED ENTRY--PERSONAL NAME
Personal name American Institute of Real Estate
Holdings
Withdrawn status Lost status Damaged status Not for loan Permanent Location Current Location Date acquired Full call number Barcode Date last seen Price effective from Koha item type
        Indian Institute of Public Administration Indian Institute of Public Administration 1994-01-13 L2312 Am35r 18505 2018-07-21 2018-07-21 Book

Powered by Koha